Az ötödik Aetas
Elmentve itt :
| Szerző: | |
|---|---|
| Dokumentumtípus: | Cikk |
| Megjelent: |
1987-06-25
|
| Sorozat: | Délmagyarország
77 No. 148 |
| Kulcsszavak: | József Attila Tudományegyetem |
| Online Access: | http://dmarchiv.bibl.u-szeged.hu/118018 |
| LEADER | 00453nab a2200157 i 4500 | ||
|---|---|---|---|
| 001 | delm118018 | ||
| 005 | 20190918134326.0 | ||
| 008 | 190918s1987 hu o 0|| hun d | ||
| 040 | |a SZTE Délmagyarország Archívum |b hun | ||
| 041 | |a hun | ||
| 100 | 1 | |a Dlusztus Imre | |
| 245 | 1 | 3 | |a Az ötödik Aetas |h [elektronikus dokumentum] / |c Dlusztus Imre |
| 260 | |c 1987-06-25 | ||
| 300 | |a 5 | ||
| 490 | 0 | |a Délmagyarország |v 77 No. 148 | |
| 695 | |a József Attila Tudományegyetem | ||